Kapitálová štruktúra a jej vplyv na výslednú hodnotu podniku diplomová práca

Enregistré dans:
Détails bibliographiques
Auteur principal: Kušnírová, Hana
Collectivité auteur: Fakulta podnikového manažmentu EU. Katedra podnikovohospodárska
Autres auteurs: Jakubec, Miroslav
Format: Livre
Langue:slovaque
Publié: Bratislava 2015
Tags: Ajouter un tag
Pas de tags, Soyez le premier à ajouter un tag!

MARC

LEADER 00000nbm a2200000 4500
001 0201367
005 20161212102837.1
041 0 |a slo 
044 |a SK 
245 1 0 |a Kapitálová štruktúra a jej vplyv na výslednú hodnotu podniku  |b diplomová práca  |c Hana Kušnírová ; školiteľ: Miroslav Jakubec 
264 1 |a Bratislava  |c 2015 
300 |a 93 s. 
100 1 |a Kušnírová, Hana 
700 1 |a Jakubec, Miroslav 
710 2 |a Fakulta podnikového manažmentu EU. Katedra podnikovohospodárska